Stories from science / (Record no. 6962)
[ view plain ]
| 000 -LEADER | |
|---|---|
| fixed length control field | 00865nam a2200265 a 4500 |
| 001 - CONTROL NUMBER | |
| control field | 6962 |
| 003 - CONTROL NUMBER IDENTIFIER | |
| rucl marc code | BD-RjUL |
| 005 - DATE AND TIME OF LATEST TRANSACTION | |
| control field | 20211208234339.0 |
| 008 - FIXED-LENGTH DATA ELEMENTS--GENERAL INFORMATION | |
| fixed length control field | 160926m19611965enka j 000 0 eng |
| 035 ## - SYSTEM CONTROL NUMBER | |
| System control number | (BD-RjUL) 7004 |
| 040 ## - CATALOGING SOURCE | |
| Original cataloging agency | DLC |
| Transcribing agency | YNG |
| Modifying agency | OCL |
| -- | UKM |
| -- | ZCH |
| -- | BD-RjUL |
| Language of cataloging | eng |
| 041 ## - LANGUAGE CODE | |
| Language code of text/sound track or separate title | eng |
| 082 ## - DEWEY DECIMAL CLASSIFICATION NUMBER | |
| Classification number | 509 |
| Author mark and year | SUS 1962-1965 |
| Edition number | 23 |
| 100 1# - MAIN ENTRY--PERSONAL NAME | |
| Personal name | Sutcliffe, A. P. D. |
| 9 (RLIN) | 21835 |
| 245 10 - TITLE STATEMENT | |
| Title | Stories from science / |
| Statement of responsibility, etc. | by A. Sutcliffe & A. P. D. Sutcliffe ; With illustrations by Robert Hunt. |
| 260 ## - PUBLICATION, DISTRIBUTION, ETC. (IMPRINT) | |
| Place of publication, distribution, etc. | Cambridge : |
| Name of publisher, distributor, etc. | University Press, |
| Date of publication, distribution, etc. | c1962-1965 |
| 300 ## - PHYSICAL DESCRIPTION | |
| Pagination | Bk. : |
| Illustrations | ill. ; |
| Size | 23 cm. |
| 504 ## - BIBLIOGRAPHY, ETC. NOTE | |
| Bibliography, etc | Includes bibliography. |
| 505 0# - FORMATTED CONTENTS NOTE | |
| Formatted contents note | Bk. 1-- Bk. 2-- Bk. 3-- Bk. 4-- |
| 650 #0 - SUBJECT ADDED ENTRY--TOPICAL TERM | |
| Topical term or geographic name as entry element | Science |
| General subdivision | History |
| Form subdivision | Juvenile literature. |
| 9 (RLIN) | 21836 |
| Topical term or geographic name as entry element | Physics |
| 9 (RLIN) | 157777 |
| 700 1# - ADDED ENTRY--PERSONAL NAME | |
| Personal name | Sutcliffe, A. P. D., |
| Relator term | author. |
| Personal name | Hunt, Robert |
| 942 ## - ADDED ENTRY ELEMENTS (KOHA) | |
| Source of classification or shelving scheme | Dewey Decimal Classification |
| Koha item type | Books |
| Lost status | Source of classification or shelving scheme | Damaged status | Not for loan | Collection code | Permanent Location | Current Location | Shelving location | Date acquired | Source of acquisition | Cost, normal purchase price | Total Checkouts | Full call number | Date last seen | Copy number | Koha item type |
|---|---|---|---|---|---|---|---|---|---|---|---|---|---|---|---|
| Dewey Decimal Classification | Non-fiction | Central Library, University of Rajshahi | Central Library, University of Rajshahi | 29/12/1969 | Zeit. | 15.00 | 509 SUS Bk-4 1965 | 13/01/2014 | C-2 | Books | |||||
| Dewey Decimal Classification | Non-fiction | Central Library, University of Rajshahi | Central Library, University of Rajshahi | 29/12/1969 | Zeit. | 15.00 | 509 SUS Bk-1 1962 | 26/09/2016 | C-2 | Books | |||||
| Dewey Decimal Classification | Non-fiction | Central Library, University of Rajshahi | Central Library, University of Rajshahi | 29/12/1969 | Zeit. | 15.00 | 509 SUS Bk-3 1965 | 26/09/2016 | C-2 | Books | |||||
| Dewey Decimal Classification | Non-fiction | Central Library, University of Rajshahi | Central Library, University of Rajshahi | 29/12/1969 | Zeit. | 15.00 | 509 SUS Bk-2 1962 | 26/09/2016 | C-2 | Books |